000 00740nam a2200241Ia 4500
003 OSt
005 20220925233722.0
006 a|||||r|||| 00| 0
007 ta
008 220923b |||||||| |||| 00| 0 eng d
020 _a8126122374
_c765
037 _b905, 18/03/2014, Pranami Book Service
_cGeneral Book
040 _aRTL
_cRTL
_beng
041 _2eng
_aeng
082 _aX:89MA, P5
100 _aTIWARI R.S.
_9230275
245 0 _aInformal sector workers
_b Problems and prospects.
260 _a New Delhi
_bAnmol Publications
_c2005
300 _aix,329p
_ccm.
650 _aCommerce
942 _hX:89MA, P5
_cGB
_2CC
999 _c594409
_d594409